American writing today
Guardat en:
| Autor principal: | |
|---|---|
| Format: | Llibre |
| Idioma: | anglès |
| Publicat: |
Washington, D.C
International Communication Agency
1982
|
| Col·lecció: | Forum Series
|
| Matèries: | |
| Etiquetes: |
Afegir etiqueta
Sense etiquetes, Sigues el primer a etiquetar aquest registre!
|
MARC
| LEADER | 00000nam a2200000 a 4500 | ||
|---|---|---|---|
| 001 | UCQ3180 | ||
| 003 | CL-VaPUC | ||
| 008 | 980817e19820000us |||||||||||||||||eng|d | ||
| 082 | 0 | 4 | |a 810.9 |b KOS |2 21 |
| 100 | |a Kostelanetz, Richard |e author |9 490208 | ||
| 245 | 1 | 0 | |a American writing today |
| 300 | |a 2 v | ||
| 942 | |c BK | ||
| 945 | |d 19980817 00:00:00 |a crobeson | ||
| 260 | |a Washington, D.C |b International Communication Agency |c 1982 | ||
| 650 | 0 | |a Literatura estadounidense |9 317168 | |
| 650 | 0 | |a Historia y crítica |9 257407 | |
| 583 | |a last modification |c 20171115 10:11:15 |k Rodrigo Vera | ||
| 490 | 0 | |a Forum Series | |
| 999 | |c 273779 |d 273777 | ||
| 952 | |0 0 |1 0 |4 0 |6 810_900000000000000_KOS_1982 |7 0 |8 A |9 309636 |a BIBEDU |b BIBEDU |d 2019-11-20 |h v.2 |i 1452223 |o 810.9 KOS 1982 |p 1452223 |r 2019-11-20 |w 2019-11-20 |y BK |k LIT | ||
| 952 | |0 0 |1 0 |4 0 |6 810_900000000000000_KOS_1982 |7 0 |8 A |9 309637 |a BIBEDU |b BIBEDU |d 2019-11-20 |h v.1 |i 1467174 |o 810.9 KOS 1982 |p 1467174 |r 2019-11-20 |w 2019-11-20 |y BK |k LIT | ||